Revista Universitaria : (Record no. 21778)

000 -CABECERA
fixed length control field 01932nam a22002777a 4500
003 - IDENTIFICADOR DEL NÚMERO DE CONTROL
control field AR-CdUCM
008 - DATOS DE LONGITUD FIJA--INFORMACIÓN GENERAL
fixed length control field 190425b ||||| |||| 00| 0 spa d
040 ## - FUENTE DE LA CATALOGACIÓN
Agencia/entidad que catalogó originalmente la obra MUNICIPALIDAD PROVINCIAL DEL CUSCO
Entidad que transcribió la catalogación BIBLIOTECA MUNICIPAL DEL CUSCO
082 ## - NÚMERO DE LA CLASIFICACIÓN DECIMAL DEWEY
No. de Clasificación Rev.Univ/N°126-129/1967
110 ## - ENTRADA PRINCIPAL--NOMBRE DE ENTIDAD CORPORATIVA
Nombre de la institución, jurisdicción como entrada principal Universidad Nacional de San Antonio Abad del Cusco
9 (RLIN) 15942
245 ## - MENCIÓN DE TÍTULO
Título Revista Universitaria :
Resto del título Órgano de la Universidad del Cuzco /
260 ## - PUBLICACIÓN, DISTRIBUCIÓN, ETC.
Lugar de publicación, distribución, etc. Cusco :
Nombre de la editorial, distribuidor, etc. H.G. Rozas,
Fecha de publicación, distribución, etc. 1967.
300 ## - DESCRIPCIÓN FÍSICA
Nº de Páginas Extensión 498 páginas. :
Dimensiones 20 cm.
440 ## - MENCIÓN DE SERIE/PUNTO DE ACCESO ADICIONAL--TÍTULO
Título Revista Universitaria
Número de la parte/sección de una obra Año LIII-LIV, 1964-1965, N°126-127,128-129.
9 (RLIN) 46059
505 ## - NOTA DE CONTENIDO CON FORMATO
Nota de contenido formateada Contenido: El paleozoico superior en ele Perú. Carlos Kalafatovich Valle. -- La radio astronomía una nueva rama de las ciencias. Hans Rothgiesser Hansen. -- Síntesis de la flora de las provincias de Canas, Espinar y Chumbivilcas. César Vargas Calderón. -- El problemas Zootécnico de la producción de leche en el departamento del Cusco. Hugo Héctor Tejada Mercado. -- Una nueva hipótesis en el campo de la genética. Jorge Kuon Cabello. -- La rehabilitación. Julio A. Vizcarra. -- Dos poetas cuzqueños Abraham Vizcarra Echave, Carmela Perea de Thompson. Luis Nieto Miranda. -- Contratos de transferencia de dominio de predios rústicos y urbanos celebrados en las notarías públicas de la ciudad del Cuzco periodo 1952-1961. Gustavo Palacios Pimentel. Crónicas Universitarias. Homenaje póstumo a Jorge Chávez Chaparro. -- Eugenesia necesidad de su aplicación en el Perú. Bertha Degregori de Nieto.
650 ## - PUNTO DE ACCESO ADICIONAL DE MATERIA--TÉRMINO DE MATERIA
Descriptor Radio Astronomía
9 (RLIN) 46060
650 ## - PUNTO DE ACCESO ADICIONAL DE MATERIA--TÉRMINO DE MATERIA
Descriptor Literatura cusqueña
9 (RLIN) 46061
650 ## - PUNTO DE ACCESO ADICIONAL DE MATERIA--TÉRMINO DE MATERIA
Descriptor Zootecnia
9 (RLIN) 5913
700 ## - PUNTO DE ACCESO ADICIONAL--NOMBRE DE PERSONA
Nombre Personal Kuon Cabello, Jorge
9 (RLIN) 31347
700 ## - PUNTO DE ACCESO ADICIONAL--NOMBRE DE PERSONA
Nombre Personal Kalafatovich Valle, Carlos
9 (RLIN) 46062
700 ## - PUNTO DE ACCESO ADICIONAL--NOMBRE DE PERSONA
Nombre Personal Vargas Calderón, César
9 (RLIN) 31066
700 ## - PUNTO DE ACCESO ADICIONAL--NOMBRE DE PERSONA
Nombre Personal Nieto Miranda, Luis
9 (RLIN) 31822
710 ## - PUNTO DE ACCESO ADICIONAL--NOMBRE DE ENTIDAD CORPORATIVA
Nombre corporativo (En letras Mayúsculas) Universidad Nacional de San Antonio Abad del Cusco
9 (RLIN) 15942
942 ## - ELEMENTOS DE PUNTO DE ACCESO ADICIONAL (KOHA)
Fuente de clasificación
Tipo de item Revistas cusqueñas
945 ## - PROCESAMIENTO DE INFORMACIÓN LOCAL (OCLC)
Catalogador rac
Holdings
Estado de retiro (separado) Fuente de clasificación o esquema de estanterías Estado dañado Ubicación Sala donde se ubica Nombre de la colección Fecha de adquisición o compra Costo, precio normal en soles Signatura topográfica Código de Barras Última vez visto (Koha) Tipo de ítem (Koha)
No     Sala Hemeroteca Sala Hemeroteca Book Cart 2021-07-16 10.00 Rev.Univ/N°126-129/1967 REVC000202 2021-07-16 Revistas cusqueñas
No     Sala Hemeroteca Sala Hemeroteca Book Cart 2021-07-16 10.00 Rev.Univ/N°126-129/1967/e.2 REVC000203 2021-07-16 Revistas cusqueñas
No     Sala Hemeroteca Sala Hemeroteca Book Cart 2021-07-16 10.00 Rev.Univ/N°126-129/1967/e.3 REVC000204 2021-07-16 Revistas cusqueñas
No     Sala Hemeroteca Sala Hemeroteca Book Cart 2021-07-16 10.00 Rev.Univ/N°126-129/1967/e.4 REVC000205 2021-07-16 Revistas cusqueñas
No     Sala Hemeroteca Sala Hemeroteca Book Cart 2021-07-16 10.00 Rev.Univ/N°126-129/1967/e.5 REVC000206 2021-07-16 Revistas cusqueñas
No     Sala Hemeroteca Sala Hemeroteca Book Cart 2021-07-16 10.00 Rev.Univ/N°126-129/1967/e.6 REVC000207 2021-07-16 Revistas cusqueñas

Powered by Koha